Hablar bien en público

Guardat en:
Dades bibliogràfiques
Autor principal: Abozzi, Paolo (Autor)
Format: Llibre
Idioma:espanyol
Publicat: Bogotá Martínez Roca 1999
Col·lecció:Serie Autoayuda: El Pequeño Libro Práctico
Matèries:
Etiquetes: Afegir etiqueta
Sense etiquetes, Sigues el primer a etiquetar aquest registre!

MARC

LEADER 00000nam a2200000 a 4500
001 UCP2717
003 CL-VaPUC
008 990528e19990000CK |||||||||||||||||spa|d
082 0 4 |a 808.51  |b ABO  |2 21 
100 0 |a Abozzi, Paolo  |e author  |9 429663 
245 1 0 |a Hablar bien en público 
300 |a 126 p 
942 |c BK 
945 |d 19990528 00:00:00  |a rbrito 
260 |a Bogotá  |b Martínez Roca  |c 1999 
650 0 |a Oratoria  |9 307605 
650 0 |a Discursos   |9 265028 
650 0 |a Lenguaje   |9 265069 
650 0 |a Comunicación oral  |9 307769 
650 0 |a Arte de hablar en público  |9 335514 
650 0 |a Técnicas de comunicación  |9 334811 
650 7 |a EJERCITACION DE LA EXPRESION ORAL  |2 CL-VaPUC  |9 429664 
583 |a last modification  |c 19990528 00:00:00  |k Rodrigo Vera 
490 0 |a Serie Autoayuda: El Pequeño Libro Práctico 
999 |c 281212  |d 281210 
952 |0 0  |1 0  |4 0  |6 808_510000000000000_ABO_1999  |7 0  |8 A  |9 321892  |a BIBEDU  |b BIBEDU  |d 2019-11-20  |i 3525643  |o 808.51 ABO 1999  |p 3525643  |r 2019-11-20  |w 2019-11-20  |y BK  |k CIT